LEADER 01137nam a2200265 u 4500 001 000000067766 003 CaOOAMICUS 005 20070226121726.0 008 020218s1850 fr u000 u fre u 035 $a10921177 040 $aPUL(R)$bita 100 1 $aJorry,$csac.$0(OLS)http://pul/name/45213 245 10$aHistoire du pape Boniface VIII, 1217-1303 /$cpar l'abbé Jorry. 260 $aPlancy :$bSociété de Saint-Victor,$c1850. 300 $a210 p. ;$c14 cm 600 04$aBonifacius PP.$bVIII,$dc. 1230-1303.$0(OLS)http://pul/subject/1810 850 $aPUL 852 $aPUL$W1$xDP1 Antico 800$y27$m111 F 10$j87660$nBK-PRI$b $qStampati Antico$B87660$CPULBib$Z2$F87660 $H $81 941 1 $a15 960 $aPapi (1294-1303 : Bonifacius PP. VIII)$91810 960 $aPapi (1294-1303 : Bonifacius PP. VIII)$91810 960 $aBonifacio$bVIII,$cpapa,$dc. 1230-1303$91810 960 $aCaetani, Benedetto,$dc. 1230-1303$91810 996 $6245$aHistoire du pape Boniface VIII, 1217-1303$9(OLS)http://pul/title/89768 996 $6260$aPlancy :$bSociété de Saint-Victor$9(OLS)http://pul/publisher/51538 LEADER 01272nam a2200313 u 4500 001 000000081307 003 CaOOAMICUS 005 20070226123736.0 008 050318s2003 gw u000 u eng u 020 $a3438051249 035 $a11035200 040 $aPUL$bita 041 1 $aeng$agrc 245 10$aGreek-english lexicon of the Septuagint /$ccompiled by Johan Lust, Erik Eynikel, Katrin Hauspie. 250 $aRevised edition. 260 $aStuttgart :$bDeutsche Bibelgesellschaft,$cc2003. 300 $acii, 678 p. ;$c25 cm 504 $aBibliografia p. [xxxiii]-c. 546 $aTesto tradotto dal greco. 630 04$aBiblia.$pV.T.$xDizionari.$0(OLS)http://pul/subject/9421 700 1 $aLust, Johan.$0(OLS)http://pul/name/1503 700 1 $aHauspie, K.$0(OLS)http://pul/name/20644 700 1 $aEynikel, Erik.$0(OLS)http://pul/name/54205 850 $aPUL 852 $aPUL$W1$xSL Religione 3$y85$m221. 4 DIZ 1$j103743$nBK-PRI$qDDC 21$B103743$CPULBib$Z2$F103743 $HPUL97299 $82 941 1 $a9 996 $6020$a3438051249$9(OLS)http://pul/number/107688 996 $6245$aGreek-english lexicon of the Septuagint$9(OLS)http://pul/title/106358 996 $6260$aStuttgart :$bDeutsche Bibelgesellschaft$9(OLS)http://pul/publisher/51367